000
00332nam a2200133Ia 4500
008
151213s9999 xx 000 0 und d
100
_a
Norman Page
245
_a
The Bluest Eye (1970)
_c
Norman Page
260
_a
Leeds
_b
Leeds University
_c
1992
300
_a
3535 p.
650
_a
English
700
_a
Norman Page
999
_c
2341
_d
2341